000 00555nam a2200205Ia 4500
001 20619
003 GE_BSU
008 181216s||||||||xx |||||||||||||| ||und||
040 _cGE_BSU
245 _aАгрохимия №2 Февраль 2017
245 _cГл. ред. В.Н. Кудеяров
260 _aМосква
260 _bНаука
260 _c2017
300 _a96 стр. 29см.
653 _aАгрохимия №2 Февраль 2017
653 _aПериодика
653 _aპერიოდიკა
942 _cCR
999 _c53573
_d53573